Pokemon - Alle Regionalformen - Statistiken

Allgemein
  • Dieses Quiz wurde 40 mal gespielt
  • Das Durchschnittsergebnis liegt bei 32 aus 68
Antwortstatistiken
Antwort % Korrekt
Rattfratz
81%
Rattikarl
81%
Vulnona
81%
Vulpix
81%
Mauzi
78%
Mauzi
78%
Snobilikat
78%
Arkani
72%
Fukano
72%
Sandamer
69%
Sandan
69%
Gallopa
66%
Kokowei
66%
Ponita
66%
Raichu
63%
Tauros
63%
Felino
56%
Baldorfish
53%
Digda
53%
Digdri
53%
Lektrobal
53%
Sleimok
53%
Voltobal
53%
Knogga
50%
Porenta
50%
Sleima
50%
Admurai
47%
Flegmon
47%
Kleinstein
47%
Lahmus
47%
Pantimos
47%
Smogmog
47%
Tornupto
47%
Barschuft
44%
Geradaks
44%
Laschoking
44%
Mauzinger
44%
Silvarro
44%
Sniebel
44%
Zigzachs
44%
Arktilas
41%
Flunschlik
41%
Georok
41%
Geowaz
41%
Lavados
41%
Washakwil
41%
Arktos
38%
Suelord
38%
Zapdos
38%
Zoroark
38%
Zorua
38%
Corasonn
34%
Dressella
31%
Viscogon
28%
Barrikadax
25%
Gorgasonn
25%
Makabaja
25%
Myriador
25%
Salmagnis
25%
Snieboss
25%
Viscargot
25%
Pantifrost
22%
Flampion
19%
Flampivian
19%
Lauchzelot
19%
Oghnatoll
19%
Dialga
16%
Palkia
16%
Keine übereinstimmenden Quizze gefunden
Verteilung der Resultate
Anzahl Personen mit jedem Resultat
Perzentil nach korrekt beantworteten Fragen
Ihre Resultats-Entwicklung
Sie haben dieses Quiz noch nicht gespielt